Shell-shocked: (Record no. 141491)

MARC details
000 -LEADER
fixed length control field 00552nam a22001817a 4500
005 - DATE AND TIME OF LATEST TRANSACTION
control field 20170620142956.0
010 ## - LCCN (DPL NO)
LC control number ENG-118808
020 ## - INTERNATIONAL STANDARD BOOK NUMBER
International Standard Book Number 97893860560212
Terms of availability 450.00
035 ## - SYSTEM CONTROL NUMBER
System control number EN-102340
037 ## - SOURCE OF ACQUISITION
Source of stock number/acquisition DBAD/PUB
082 ## - DEWEY DECIMAL CLASSIFICATION NUMBER
Classification number 956.94054
100 ## - MAIN ENTRY--PERSONAL NAME
Personal name Omer, Mohammed
245 ## - TITLE STATEMENT
Title Shell-shocked:
Remainder of title Dispatches from a war /
Statement of responsibility, etc by Mohammed Omer
260 ## - PUBLICATION, DISTRIBUTION, ETC. (IMPRINT)
Place of publication, distribution, etc New Delhi
Name of publisher, distributor, etc Speaking Publishing House
Date of publication, distribution, etc 2015
270 ## - ADDRESS
Address 4381/4, Ansari Road, Daryaganj, New Delhi-110002
300 ## - PHYSICAL DESCRIPTION
Extent 311p
Dimensions 22cm.(pbk)
942 ## - ADDED ENTRY ELEMENTS (KOHA)
Source of classification or shelving scheme Dewey Decimal Classification
Item type English Books
Classification part 956.94054
Call number suffix OME
Holdings
Withdrawn status Lost status Not for loan Collection code Home library Current library Date acquired Source of acquisition Cost, normal purchase price Full call number Barcode Copy number Cost, replacement price Koha item type
      Non-fiction Kasturba Gandhi Marg Kasturba Gandhi Marg 20/06/2017 DBAD/PUB 450.00 956.94054 OME EN-102340 1 450.00 English Books

© Delhi Public Library
Hit Counter
free hit counter